[Event "Petah Tikva Liberman"]
[Site "Petah Tikva"]
[Date "1998.01.13"]
[Round "8"]
[White "Soffer, Ram"]
[Black "Tsesarsky, Ilya"]
[Result "1-0"]
[WhiteElo "2525"]
[BlackElo "2425"]
[Annotator "Tsesarsky,I"]
[PlyCount "99"]
[EventDate "1998.??.??"]
[EventType "swiss"]
[EventRounds "9"]
[EventCountry "ISR"]
[SourceTitle "CBM 063"]
[Source "ChessBase"]
[SourceDate "1998.03.26"]
[SourceVersion "1"]
[SourceVersionDate "1998.03.26"]
[SourceQuality "1"]

1. d4 Nf6 2. c4 e6 3. Nc3 Bb4 4. Qc2 c5 5. dxc5 Na6 6. a3 Bxc3+ 7. Qxc3 Nxc5 8.
b4 Nce4 9. Qb2 (9. Qd3 d5 10. cxd5 $2 (10. Nf3 Ng4 11. Be3 O-O (11... Nxe3 12.
Qxe3 O-O 13. cxd5 Qxd5 14. Rd1 Qc4 15. Rc1 Qd5 16. Rd1 $11 (16. g3 Rd8 17. Bg2
a5 $15)) 12. Bd4 e5 $5 13. h3 $1 (13. Nxe5 Nexf2 14. Bxf2 Nxf2 15. Kxf2 Qf6+
$17) (13. Bxe5 Ngxf2 $19) 13... exd4 (13... Ngxf2 14. Bxf2 Nxf2 15. Kxf2 e4 16.
Qxd5 exf3 17. Qxd8 Rxd8 18. exf3 $16) 14. hxg4 Qc7 15. cxd5 Qc3+ 16. Qxc3 dxc3
$11) 10... Nxf2 $3 11. Kxf2 Ng4+ 12. Kg3 (12. Ke1 Qf6 13. Rb1 Qf2+ 14. Kd2 Qxf1
15. Qf3 Qxf3 16. Nxf3 exd5 17. Bb2 O-O $15) 12... Qf6 (12... Qd6+ 13. Kxg4
exd5+ 14. Kf3 Qf6+ 15. Bf4 Qxa1 16. Nh3 O-O 17. Ng5 g6 18. e3 $132) 13. Nf3 (
13. Qb5+ Bd7 14. Qxb7 Rc8 $17 (14... Qf2+ 15. Kh3 (15. Kxg4 h5+ $19) 15... Rc8
(15... exd5 16. Qxa8+ Ke7 17. Qxd5 Ne3+ 18. Qxd7+ Kxd7 19. Bxe3 Qxe3+ 20. Nf3
$16) 16. Nf3 Nf6 (16... e5 17. Qxd7+ Kxd7 18. Kxg4 e4 $17) 17. Be3 Qxe3 18. g3
g5 $19)) (13. Kxg4 $4 h5+ $19 14. Kg3 (14. Kh3 exd5+ 15. g4 Qxf1+ 16. Kh4 (16.
Kg3 h4#) 16... Qf2+ 17. Qg3 hxg4+ 18. Kg5 Qf6#) 14... h4+ 15. Kg4 exd5+ $19)
13... Qxa1 (13... h5 $5 14. Bg5 (14. Ra2 h4+ 15. Nxh4 Qf2+ 16. Kxg4 Rxh4+ 17.
Kg5 Qf6#) 14... Qxa1 15. dxe6 O-O 16. exf7+ Rxf7 $15) 14. Bd2 (14. Qb5+ Kd8 15.
Qc5 Nf6 $17) 14... Nf6 15. e4 exd5 16. exd5 O-O 17. Bc3 Qxc3 {0-1 Thomas
G-Winter W/London 1927}) 9... Nd6 $1 $146 (9... d5 10. c5 d4 $5 (10... b6 11.
f3 O-O 12. fxe4 Nxe4 13. cxb6 Qxb6 14. e3 e5 15. Nf3 d4 16. Bd3 Nd6 17. Nxe5
Re8 18. Qxd4 Qxd4 19. exd4 f6 20. O-O fxe5 21. dxe5 Rxe5 22. Bf4 $18 {1-0 Dao
Thien Hai-Kovacs,J/HUN-chT 1993 (28)}) (10... h6 11. f3 (11. Nh3 $2 d4 12. f3
e5 $3 13. fxe4 Bxh3 14. gxh3 Nxe4 15. Bg2 (15. Rg1 Qh4+ 16. Kd1 Qf2 17. Rh1 O-O
$44 {->}) 15... Qh4+ 16. Kd1 Nc3+ $1 (16... Nf2+ $2 17. Kc2 Nxh1 18. Bxb7 O-O
19. Bxh1 $18) (16... O-O 17. Bxe4 Qxe4 18. Rg1 $16) 17. Kc2 $16 {0-1 Greenfeld,
A-Mokry,K/Haifa 1989 (25)}) 11... Ng5 12. Bf4 (12. h4 Ngh7 13. Bf4 $14) (12.
Qe5 Ngh7 13. Bb2 O-O (13... Nf8 14. e3 Ng6 15. Qg3 $14 {1-0 Lazarev,V-Moulain,
J/Cannes 1995 (65)}) 14. e3 Ne8 15. Bd3 Bd7 16. Ne2 b6 17. Rc1 bxc5 18. Rxc5
Nhf6 19. O-O $14 {1-0 Kharlov,A-Tunik,G/Budapest GM 1992 (48)}) 12... Nh5 (
12... O-O 13. e3 Ne8 14. h4 Nh7 15. Bd3 Nhf6 16. g4 Nd7 17. g5 h5 18. Ne2 Qe7
19. Be5 a5 20. Nf4 axb4 21. axb4 Rxa1+ 22. Qxa1 b6 $11 {1-0 Gurevich,M-Zeller,
F/Ghent op 1994 (58)}) 13. Bd6 f5 14. e3 Nf7 15. Bb5+ Bd7 16. Bxd7+ Qxd7 17.
Be5 O-O 18. Ne2 Qb5 19. Bd4 Rae8 $132 {1/2-1/2 Lputian Smbat-Zaichik Gennadi/
Moskva 1989 (55)}) 11. e3 (11. Nf3 $2 Ng4) (11. f3 Nc3 12. e3 e5 13. Bd2 Nfd5
14. e4 Nxe4 15. fxe4 Qh4+ 16. Kd1 Qxe4 17. Nf3 Bg4 18. Bb5+ Ke7 19. Re1 Ne3+
20. Kc1 $18 {1-0 Weglarz,L-Dzieniszewski,A/POL-chT Mikolajki 1991 (29)}) (11.
Nf3) 11... e5 (11... Ng4 12. Nh3 (12. Bb5+ $2 Kf8 (12... Bd7 13. Bxd7+ Qxd7 14.
Nf3 Nexf2 $132 {0-1 Defize,A-Korchnoi,V/Debrecen EU-tch BEL-SWZ 1992 (32)}) 13.
Nh3 dxe3 14. f3 Qh4+ (14... Nef2 15. Nxf2 exf2+ 16. Ke2 a6 17. Ba4 $16 {
1-0 Hoeksema,E-Grosar,A/Groningen op 1991 (23)}) 15. g3 Nxg3 16. hxg3 Qxg3+ 17.
Kf1 Qxf3+ $17) 12... Nc3 13. Bd2 O-O 14. Bxc3 dxc3 15. Qxc3 Qc7 16. Be2 $16 {
1-0 Maksimenko,A-Lipka,J/EUCup Gr3 Lubniewice 1994 (42)}) 12. Bb5+ Bd7 13.
Bxd7+ Qxd7 14. Nf3 Ng4 15. O-O O-O-O 16. exd4 (16. h3 h5 17. exd4 exd4 18. Bf4
Qf5 19. Qc1 (19. Bd6 $16) 19... Rd5 20. Qc4 (20. hxg4 hxg4 21. Nh2 g5 $17)
20... Ngf6 $132 {1/2-1/2 Arlandi,E-Grosar,A/EU-chT Debrecen ITA-SLO 1992 (32)})
16... exd4 17. Bd2 Rhe8 18. Rac1 $132 {0-1 Remlinger,L-Chekhov,V/Gausdal Int
1991 (42)}) (9... O-O 10. f3 Nd6 11. e4 Nfxe4 12. fxe4 Qh4+ 13. Qf2 Qxe4+ 14.
Qe2 b6 15. Qxe4 Nxe4 16. Nf3 $18 {1-0 Drasko,M-Gligoric,S/JUG-chT Cetinje 1991
(40)}) (9... b5 10. c5 Ng4 11. Qxg7 Qf6 12. Qxf6 Ngxf6 13. f3 $18 {1-0 Hartman,
C-Backe,P/Kumla 1981 (30)}) 10. Qb3 b5 $5 (10... b6 $1 11. e3 (11. Bb2 Ba6 12.
e3 Rc8 $11) (11. Bf4 Nf5 12. Nf3 O-O 13. Rd1 Bb7 14. e3 a5 (14... d5 15. Bd3
Nd6 16. Bxd6 Qxd6 17. O-O $11 (17. e4 dxc4 18. Qxc4 Qf4 $17)) 15. Be2 axb4 16.
axb4 d5 17. O-O $11) 11... Ba6 12. Bb2 Rc8 13. Rc1 Qc7 14. Be5 Qc6 15. Bxd6
Qxd6 16. Nf3 O-O 17. Be2 Qc7 (17... Qe7 18. Qa4 Bb7 19. Qxa7 $16) 18. O-O d5
19. b5 Bb7 20. Rfd1 Rfd8 $11) 11. cxb5 $5 (11. c5 $5 Nf5 (11... Nc4 $2 12. a4
Ba6 13. e4 Nxe4 14. axb5 Bxb5 15. Bxc4 Bxc4 16. Qxc4 Nxf2 17. Bg5 (17. Kxf2
Qf6+ 18. Nf3 Qxa1 19. Re1 $14) 17... Qxg5 18. Kxf2 $18) 12. Qd3 (12. e3 Bb7 13.
Nf3 a6 14. Bd3 (14. a4 bxa4 15. Qxa4 O-O 16. Be2 Bc6 17. Qa3 Bb5 $11) 14... d6
$1 $11) (12. Bg5 h6 13. e4 hxg5 14. exf5 Qc7 15. Nf3 g4 16. Nd4 a6 (16... Rxh2
17. Rxh2 Qxh2 18. fxe6 fxe6 19. Bxb5 Qg1+ 20. Bf1 Ne4 21. Qe3 Ba6 (21... g3 22.
O-O-O $18) 22. b5 $16) 17. fxe6 dxe6 18. a4 bxa4 19. Qxa4+ Kf8 $132) 12... a5
13. e4 Ne7 14. Bb2 Nc6 15. e5 Nd5 16. Qg3 O-O 17. Bxb5 axb4 $15) 11... Nxb5 (
11... O-O 12. a4 a6 13. Bf4 Nf5 14. bxa6 Bxa6 15. Nf3 Qe7 16. e3 Bxf1 17. Kxf1
Nd5 18. g4 Nxf4 19. exf4 (19. gxf5 Nd5 20. b5 Qf6 21. Nd4 Ne7 22. fxe6 fxe6 23.
f4 Rf7 $132) 19... Nh6 20. h3 Rfb8 21. b5 Qf6 22. Kg2 Qxf4 23. a5 d5 24. b6 $16
) 12. e3 Bb7 (12... Rb8 $5 13. Bb2 (13. Nf3 a5) 13... a5 14. a4 (14. Qa4 Ba6
15. Nf3 O-O 16. bxa5 d5 17. Be5 Rb7 18. Bd3 Nd7 19. Rc1 (19. Bd4 Nxd4 20. Bxa6
Nxf3+ 21. gxf3 Nc5 $19) 19... Nxe5 20. Nxe5 Qg5 21. Ng4 f5 22. Rc6 Nc7 23. Bxa6
Nxa6 24. O-O Nb8 $17) 14... Nd6 15. b5 Nde4 16. Rc1 d6 17. Nf3 Bb7 18. Be2 O-O
19. O-O Qe7 $132) 13. Nf3 Bd5 (13... Rb8 14. Bb2 O-O 15. Bd3 Be4 $11) 14. Bc4
Rc8 $6 (14... Bxc4 15. Qxc4 Rb8 16. Bb2 O-O (16... d5 17. Qc6+ Qd7 18. Rc1 Qxc6
19. Rxc6 Ke7 20. Ke2 Rhc8 21. Rhc1 Rxc6 22. Rxc6 Ne8 23. a4 Nbd6 24. b5 Nc4 25.
Bd4 Rb7 26. Ra6 Nb6 27. Ne5 $18) 17. O-O d5 18. Qf4 Ne4 $132) 15. Bxd5 Nxd5 16.
Bb2 $14 O-O 17. O-O Nbc3 $2 (17... Nb6 18. a4 Nc7 19. a5 (19. Bd4 $1 Na6 (19...
d5 20. a5 Nc4 21. Bxa7 $16) 20. Rfc1 $14) 19... Nbd5 20. e4 Nf6 21. e5 (21.
Rfe1 a6 $132) 21... Nfd5 22. b5 Rb8 23. b6 axb6 24. a6 Ra8 25. a7 b5 $132) 18.
Rfe1 $16 f5 (18... Ne4 19. Rac1 d6 20. Qd3 (20. Rxc8 Qxc8 21. Rc1 Qb7 22. Qd3 (
22. Nd4 $14) 22... f5 23. Nd4 $16 {See later}) 20... f5 21. Rxc8 Qxc8 22. Rc1
$16 {-This game}) 19. Rac1 Ne4 (19... Qc7 20. Bxc3 Nxc3 21. Rc2 a5 22. Nd4 axb4
23. axb4 $16) (19... Qf6 20. Nd2 a5 21. Nb1 $18) 20. Qd3 d6 (20... Qe7 21. Qa6
(21. Bd4 d6 22. Qa6 Rc7 23. Rxc7 Qxc7 $132) 21... Rxc1 22. Rxc1 d6 23. Nd4 $16)
21. Rxc8 Qxc8 22. Rc1 Qd7 $5 (22... Qb7 23. Nd4 Re8 24. f3 Nef6 25. Qb5 Qf7 $16
) 23. Nd4 $6 (23. Qa6 $16) 23... Nb6 $5 (23... Nef6 24. Qb5 (24. Qa6 f4 25.
exf4 Nxf4 26. Nc6 e5 27. h3 N6d5 28. Qc4 Qf7 29. Kh1 $14) 24... Qe7 25. Nc6 Qc7
26. Qa6 Ra8 27. Nd4 $16) 24. f3 Nf6 25. Qb5 Kf7 $2 $18 (25... e5 26. Qxd7 Nfxd7
27. Nb5 d5 28. Rc7 a6 29. Nd6 $16) (25... Qf7 26. Qa6 d5 27. Nc6 Nc4 28. Bd4
Re8 29. Ne5 Nxe5 30. Bxe5 $16) 26. Qxd7+ Nfxd7 $8 27. Nb5 d5 28. Rc7 a6 29.
Nd6+ Kg6 (29... Ke7 30. Rc6 $1 (30. Nb7 Rc8 (30... Na8 31. Rc6 Nb8 32. Rc2 g5
33. a4 $16) 31. Rxc8 Nxc8 32. Bxg7 $16) 30... g6 31. Bd4 Nc4 32. Nxc4 dxc4 33.
f4 $18) 30. Bd4 Rb8 31. Ra7 e5 32. Bxb6 Nxb6 33. Rxa6 Kf6 (33... Kg5 34. h4+
Kxh4 35. Nxf5+ $18) 34. e4 $1 fxe4 35. fxe4 Kg5 36. exd5 Kf4 37. Ra7 $4 $44 (
37. Kf2 $18) 37... Rd8 38. Rf7+ Ke3 39. Nf5+ Kd3 40. Rxg7 Nxd5 41. Rg3+ Kd2 42.
Rg4 Nc3 43. Ng3 Rd4 $4 $18 (43... Kd3 44. Rg7 (44. Rh4 Rd7 45. Rh3 Kd2 46. Nf1+
Kc2 47. Re3 e4 48. Ng3 Rd3 49. Re1 e3 $11) 44... e4 45. Rxh7 Ne2+ $2 (45... e3
46. Rc7 e2 47. Kf2 (47. Rxc3+ Kxc3 48. Nxe2+ Kb3 $11) 47... Kd2 48. Nxe2 Nxe2
$14) 46. Kf1 $18) 44. Rxd4+ exd4 45. Kf2 Kc2 (45... d3 46. Nf1+ Kc2 47. Ke3 Nb1
48. a4 d2 49. Nxd2 Nxd2 50. a5 Kc3 51. a6 Nc4+ 52. Kf4 Kxb4 53. Kg5 Kb5 54. a7
Nb6 55. Kh6 Ka6 56. Kxh7 Kxa7 57. g4 Nd7 58. g5 Kb6 59. h4 Kc5 60. h5 Kd5 61.
h6 Ke6 62. Kg7 $18) 46. Nf5 d3 47. Nd4+ Kd1 48. Ke3 d2 49. Nf3 Nb1 50. Kd3 1-0